Kdo dřív přijde...
Názor Tomáša Baťu, že v súťaži o získanie trhu zvíťazí ten, kto príde na trh prvý. Je skutočne lepšie prísť prvý, alebo je lepšia pozícia druhého prichádzajúceho na trh? Konkurencia na trhu. Výhody prvého. Náklady chýb. Matica štyroch stratégií Igora Ansoffa. Najúspešnejšie spoločnosti na trhu sú ti...
Gespeichert in:
| 1. Verfasser: | |
|---|---|
| Format: | Buchkapitel |
| Sprache: | Tschechisch |
| Schlagworte: | |
| Tags: |
Keine Tags, Fügen Sie das erste Tag hinzu!
|
MARC
| LEADER | 00000naa a2200000 4500 | ||
|---|---|---|---|
| 001 | 0161762 | ||
| 005 | 20231019100624.5 | ||
| 041 | 0 | |a cze | |
| 044 | |a CZ | ||
| 245 | 1 | 0 | |a Kdo dřív přijde... |c Zdeněk Vrbík |
| 520 | |a Názor Tomáša Baťu, že v súťaži o získanie trhu zvíťazí ten, kto príde na trh prvý. Je skutočne lepšie prísť prvý, alebo je lepšia pozícia druhého prichádzajúceho na trh? Konkurencia na trhu. Výhody prvého. Náklady chýb. Matica štyroch stratégií Igora Ansoffa. Najúspešnejšie spoločnosti na trhu sú tie, ktoré rozvíjajú inovatívne obchodné modely. | ||
| 610 | 2 | 0 | |a trh |
| 610 | 2 | 0 | |a podnikanie |
| 610 | 2 | 0 | |a obchod |
| 610 | 2 | 0 | |a konkurencia |
| 610 | 2 | 0 | |a inovácia |
| 610 | 2 | 0 | |a firmy |
| 100 | 1 | |a Vrbík, Zdeněk | |